000 01123nam a2200325 i 4500
003 EG-GICUC
005 20260121101418.0
008 251202s1984 fr ||||frr||| 00| 0 fre d
020 _a066253039X
040 _aEG-GiCUC
_bfre
_cEG-GiCUC
_dEG-GiCUC
_erda
041 0 _afre
041 0 _aeng
082 0 4 _221
_a343.81
_bCO . M
092 0 4 _221
099 _aLaw1 10 343.81 CO . M 1984
111 _aCommission de réforme du droit du Canada
_eAuteur
245 1 4 _aLes Méthodes D'Investigation Scientifiques :
_nDocument de travail 34 /
_cPar Commission de réforme du droit du Canada.
264 1 _aCanada :
_bCommission de réforme du droit du Canada,
_c1984.
300 _apagination diverse ;
_c24 cm.
336 _2rda content
_atext
337 _2rda media
_aComputer
338 _2rda carrier
_aOnline Resource
504 _aBibliographie : pages 177-186
504 _aBibliography: pages 159-166.
546 _aTexte parallèle en anglais et en français
650 1 4 _aDroit Pénal
856 4 0 _uhttps://fll.law.cu.edu.eg/fulltext/bks/B10-00304.pdf
905 _a33
_eHassnaa
942 _2ddc
_cBK
_e21
_n0
999 _c48042
_d48042